000 00751nam a2200265Ia 4500
003 OSt
005 20220918163209.0
006 a|||||r|||| 00| 0
007 ta
008 220917b |||||||| |||| 00| 0 eng d
020 _a0 214 20583 5
024 _a28,032
037 _cTextual
040 _aARTS
_cARTS
_beng
041 _2eng
_aeng
082 _aO111,2N17:g, L9
100 _aSalmon Eric
_911939
245 0 _aDark journey
_b John Whiting as dramatist
260 _aLondon
_bBarrie and Jenkins UK
_c1979
300 _a326p.
_ccm.
500 _aIncludes index; Bib 318-20p; Appendix 291-317p (I-IV)
650 _aENGLISH LITERATURE
942 _hO111,2N17:g, L9
_cTEXL
_2CC
999 _c118385
_d118385